000 00422nam a2200181Ia 4500
001 4659
005 20260306145812.0
008 260306t2009||||xx |||||||||||||| ||spa||
041 _aESP
082 _a330
_bCH556E
100 _aChipana Rodríguez, Juan Andrés
_eAUT
245 0 _aEconomía general & economaker
260 _c2009
300 _a
_c
650 _aGEN
654 _aCAN
942 _cLIB
_dJUS
_fJUS
_2ddc
_n
999 _c4659
_d4659